| 000 | 00453nam a2200181 a 4500 | ||
|---|---|---|---|
| 001 | 1144 | ||
| 003 | CO-ViMGA | ||
| 008 | 141112s2004 ck r 000 u spa d | ||
| 040 |
_aCO-ViMGA _bspa _cCO-ViMGA |
||
| 082 | 0 | 4 | _a923.134 G152f |
| 100 | 1 |
_aFischer, Louis _949234 |
|
| 245 | 1 | 0 | _aGandhi |
| 260 |
_aBogotá : _bJavier Vergara, _c1983 |
||
| 300 | _a313 p | ||
| 490 | _aVergara bolsillo, 29 | ||
| 650 | 1 | 4 |
_aGANDHI 1869 - 1948 _949235 |
| 942 |
_2ddc _cBK |
||
| 999 |
_c13366 _d13366 |
||